| 000 | 00330cam a2200133ua 4500 | ||
|---|---|---|---|
| 003 | OSt | ||
| 008 | 230506b |||||||| |||| 00| 0 eng d | ||
| 041 | _aeng | ||
| 082 |
_a631.312 _bIND/SP |
||
| 245 | 0 | 0 | _aSpecification for handle grip for power tiller,IS:11858-1986 / |
| 260 |
_a : _bISI , _c1987. |
||
| 300 | _a8 ; . | ||
| 942 | _cBK | ||
| 999 |
_c4200 _d4200 |
||